Countries With The Same 1st Three Letters - Statistics

General Stats
  • This quiz has been taken 94 times
  • The average score is 31 of 53
Answer Stats
Hint Answer % Correct
Australia
85%
A/A Austria
85%
U/U/U United States
79%
United Kingdom
77%
N/N/N North Korea
76%
S/S/S South Korea
76%
United Arab Emirates
76%
I/I India
75%
South Sudan
75%
North Macedonia
73%
Indonesia
72%
Belgium
70%
South Africa
69%
B/B/B Belarus
66%
Belize
65%
Dominican Republic
65%
D/D Dominica
63%
I/I Iran
63%
Iraq
63%
M/M/M/M/M Malawi
63%
Norway
63%
C/C Chile
62%
China
62%
Mali
61%
N/N Niger
61%
Nigeria
61%
Maldives
59%
Malaysia
58%
Monaco
58%
G/G Guinea
56%
Guinea Bissau
56%
Cameroon
55%
M/M/M Montenegro
55%
C/C Cambodia
54%
T/T Turkey
54%
Turkmenistan
54%
Grenada
51%
Mauritania
51%
Malta
49%
M/M Mauritius
49%
Mongolia
49%
S/S/S St Kitts
49%
G/G Greece
48%
St Lucia
48%
St Vincent
48%
Bahrain
46%
B/B Bahamas
45%
L/L Liberia
44%
Libya
44%
Slovakia
44%
S/S Slovenia
44%
Burundi
30%
B/B Burkina faso
27%
No matching quizzes found
Score Distribution
Percent of People with Each Score
Percentile by Number Answered
Your Score History
You have not taken this quiz